| 000 | 00548nam a2200193Ia 4500 | ||
|---|---|---|---|
| 003 | GCL | ||
| 008 | 140319s9999 xx 000 0 ara d | ||
| 040 |
_aGCL / _cGCL |
||
| 082 | 0 | 4 |
_a210.92 _bم ح |
| 100 | 1 | _aمحمد البهى | |
| 245 | 1 | 0 |
_aحياتى فى رحاب الازهر طالب واستاذ ووزير / _cمحمد البهى |
| 300 | _a150 ص | ||
| 490 | _a | ||
| 650 | 0 | 4 | _aالتراجم |
| 650 | 0 | 4 | _aالعلماء المسلمون |
| 650 | 0 | 4 | _aالازهر (جامع) |
| 650 | 0 | 4 | _aمحمد البهى |
| 942 |
_2ddc _cBK |
||
| 999 |
_c37632 _d37632 |
||